| 000 | 00515nam a2200181Ia 4500 | ||
|---|---|---|---|
| 005 | 20250923144420.0 | ||
| 008 | 008 250917s9999 xx 000 0 eng d | ||
| 037 | _aTextual | ||
| 040 |
_aDSWL _beng _cDSWL |
||
| 041 |
_aeng _2eng |
||
| 084 |
_aL7:4:691, N40;1 _qDSWL |
||
| 100 |
_aPreston, George H _9824668 |
||
| 245 | 0 |
_aPsychiatry for curious _cby George H Preston |
|
| 260 |
_aNew York _c1940 |
||
| 300 | _a148 p. | ||
| 942 |
_cTEXL _hL7:4:691, N40;1 |
||
| 999 |
_c1438561 _d1438561 |
||